LIBRARY ONLINE CATALOGUE

International marketing research / (Record no. 1309)

MARC details
000 -LEADER
fixed length control field 00611cam a22002172 4500
001 - CONTROL NUMBER
control field 0000023377
005 - DATE AND TIME OF LATEST TRANSACTION
control field 20151021151145.0
008 - FIXED-LENGTH DATA ELEMENTS--GENERAL INFORMATION
fixed length control field 121119s xx 000 0 eng d
020 ## - INTERNATIONAL STANDARD BOOK NUMBER
International Standard Book Number 8120321677 :
040 ## - CATALOGING SOURCE
Original cataloging agency KABU
Transcribing agency KABU
050 #0 - LIBRARY OF CONGRESS CALL NUMBER
Classification number HF1416
Item number .K86 2000
100 1# - MAIN ENTRY--PERSONAL NAME
Personal name Kumar, V.
-- 0000160928
245 10 - TITLE STATEMENT
Title International marketing research /
Statement of responsibility, etc. V. Kumar.
250 ## - EDITION STATEMENT
Edition statement 1st ed.
260 ## - PUBLICATION, DISTRIBUTION, ETC. (IMPRINT)
Place of publication, distribution, etc. New Delhi :
Name of publisher, distributor, etc. PHI,
Date of publication, distribution, etc. 2000.
300 ## - PHYSICAL DESCRIPTION
Extent xxx, 448 p.
650 #0 - SUBJECT ADDED ENTRY--TOPICAL TERM
Topical term or geographic name as entry element Export marketing.
-- 0000151331
852 1# - LOCATION
-- p690 KES
908 ## - PUT COMMAND PARAMETER (RLIN)
Put command parameter 121119
950 ## - LOCAL HOLDINGS (RLIN)
-- 1
Holdings
Withdrawn status Lost status Source of classification or shelving scheme Not for loan Home library Current library Date acquired Total Checkouts Full call number Barcode Date last seen Date last checked out Price effective from Koha item type Copy number
    Library of Congress Classification   Kabarak, Main Campus Kabarak, Main Campus 21/10/2015   HF1416 .K86 2000 c. 1 013927 21/10/2015   21/10/2015 General Collection c.1
    Library of Congress Classification   Kabarak, Main Campus Kabarak, Main Campus 21/10/2015   HF1416 .K86 2000 c. 2 013928 21/10/2015   21/10/2015 General Collection c.2
    Library of Congress Classification   Kabarak, Nakuru City Campus Kabarak, Nakuru City Campus 21/10/2015 1 HF1416 .K86 2000 c. 1 014071 21/07/2017 02/06/2017 21/10/2015 General Collection